[Event "Warsaw Maciei Memorial"]
[Site "Warsaw"]
[Date "2025.07.07"]
[Round "5"]
[White "Fiszer, Bartosz"]
[Black "Malik, Maciej"]
[Result "1-0"]
[WhiteElo "2332"]
[BlackElo "2218"]
[PlyCount "61"]
[EventDate "2025.07.07"]
[EventType "swiss (blitz)"]
[EventRounds "11"]
[EventCountry "POL"]
[SourceTitle "CB28_2025"]
[SourceDate "2025.07.09"]
[SourceVersion "1"]
[SourceVersionDate "2025.07.09"]
[SourceQuality "1"]

1. c4 g6 2. Nf3 Bg7 3. g3 d6 4. d4 Nf6 5. Bg2 0-0 6. 0-0 Nbd7 7. Nc3 c6 8. Qc2 Qc7 9. Rd1 Re8 10. b3 e5 11. dxe5 dxe5 12. Nd2 Nc5 13. Ba3 Qa5 14. Qc1 Ne6 15. e3 Qb6 16. c5 Qc7 17. Nc4 Nd7 18. Nd6 Rf8 19. Nce4 f5 20. Qc4 fxe4 21. Qxe6+ Kh8 22. Nf7+ Rxf7 23. Qxf7 Qd8 24. Bh3 Qf8 25. Rxd7 Bxd7 26. Qxf8+ Bxf8 27. Bxd7 Rd8 28. Rd1 Kg7 29. Bg4 Rxd1+ 30. Bxd1 b5 31. cxb6 1-0

[Event "Warsaw Maciei Memorial"]
[Site "Warsaw"]
[Date "2025.07.07"]
[Round "3"]
[White "Malicka, Maria"]
[Black "Malik, Maciej"]
[Result "1-0"]
[WhiteElo "2222"]
[BlackElo "2218"]
[PlyCount "103"]
[EventDate "2025.07.07"]
[EventType "swiss (blitz)"]
[EventRounds "11"]
[EventCountry "POL"]
[SourceTitle "CB28_2025"]
[SourceDate "2025.07.09"]
[SourceVersion "1"]
[SourceVersionDate "2025.07.09"]
[SourceQuality "1"]

1. e4 c6 2. Nc3 d5 3. Nf3 e6 4. d4 Bb4 5. e5 Ne7 6. Bd2 Nd7 7. Ne2 Bxd2+ 8. Qxd2 c5 9. c3 Nc6 10. Nf4 0-0 11. Bd3 Qe7 12. 0-0 f6 13. exf6 Rxf6 14. Rae1 Qd6 15. Nh5 Rxf3 16. gxf3 cxd4 17. Qg5 Qf8 18. f4 Nc5 19. Bb1 d3 20. f3 a5 21. Rf2 g6 22. Nf6+ Kg7 23. Ng4 Qf5 24. Qh6+ Kg8 25. Rg2 Bd7 26. Ne5 Nxe5 27. fxe5 Qf8 28. Qe3 b6 29. Bxd3 Qg7 30. Bc2 Rf8 31. f4 Qh6 32. Rf1 Bb5 33. Rf3 Kh8 34. Rh3 Qg7 35. Rxg6 Qf7 36. Rgh6 Rg8+ 37. Kf2 Rg7 38. Rxh7+ Rxh7 39. Rxh7+ Qxh7 40. Bxh7 Kxh7 41. Qh3+ Kg7 42. Qg4+ Kf7 43. Qh5+ Ke7 44. Qh7+ Kd8 45. Qg8+ Ke7 46. Qg7+ Ke8 47. h4 Nd3+ 48. Ke3 Nxb2 49. h5 Nc4+ 50. Kf2 Nd2 51. h6 Ne4+ 52. Ke3 1-0

[Event "Warsaw Maciei Memorial"]
[Site "Warsaw"]
[Date "2025.07.07"]
[Round "8"]
[White "Malik, Maciej"]
[Black "Lecki, Leonard"]
[Result "0-1"]
[WhiteElo "2218"]
[BlackElo "2198"]
[PlyCount "82"]
[EventDate "2025.07.07"]
[EventType "swiss (blitz)"]
[EventRounds "11"]
[EventCountry "POL"]
[SourceTitle "CB28_2025"]
[SourceDate "2025.07.09"]
[SourceVersion "1"]
[SourceVersionDate "2025.07.09"]
[SourceQuality "1"]

1. Nf3 Nf6 2. g3 d5 3. Bg2 c6 4. 0-0 Bg4 5. h3 Bxf3 6. Bxf3 e5 7. d3 Nbd7 8. Bg2 Bc5 9. c3 0-0 10. Nd2 Re8 11. e4 Nf8 12. Qe2 Ne6 13. Nb3 dxe4 14. dxe4 Bb6 15. Qc4 Qe7 16. a4 a5 17. Bd2 Red8 18. Rad1 Rd7 19. Bc1 Rad8 20. Qe2 h5 21. Rxd7 Qxd7 22. Be3 Qc7 23. Kh2 h4 24. Nd2 hxg3+ 25. fxg3 Bc5 26. Nc4 b5 27. axb5 cxb5 28. Bxc5 bxc4 29. Be3 Qb7 30. Rf2 Rd3 31. Bc1 Qd7 32. Rxf6 gxf6 33. Qg4+ Kf8 34. Bh6+ Ke7 35. Qg8 Qd8 36. Qh7 Rd1 37. Be3 Rb1 38. Qh5 Rxb2 39. Qf3 Qd3 40. h4 Re2 41. Bb6 Qxf3 0-1

[Event "POL-chT 1st League"]
[Site "Darlowo"]
[Date "2024.09.18"]
[Round "5.29"]
[White "Krawczyk, Wojciech"]
[Black "Malik, Maciej"]
[Result "1-0"]
[WhiteElo "2107"]
[BlackElo "2121"]
[PlyCount "115"]
[EventDate "2024.09.14"]
[EventType "team-swiss"]
[EventRounds "9"]
[EventCountry "POL"]
[SourceTitle "EXT 2025"]
[Source "ChessBase"]
[SourceDate "2024.10.14"]
[SourceVersion "1"]
[SourceVersionDate "2024.10.14"]
[SourceQuality "1"]

1. d4 Nf6 2. Bg5 g6 3. Bxf6 exf6 4. e3 Bg7 5. Nd2 0-0 6. h4 h5 7. g4 hxg4 8. Qxg4 f5 9. Qg3 c5 10. c3 cxd4 11. cxd4 Qf6 12. Nh3 Bh6 13. h5 f4 14. Nxf4 Bxf4 15. Qxf4 Qxf4 16. exf4 Re8+ 17. Kd1 d5 18. hxg6 fxg6 19. Bd3 Bg4+ 20. f3 Re3 21. Bxg6 Rxf3 22. Nxf3 Bxf3+ 23. Kd2 Bxh1 24. Rxh1 Kg7 25. Bc2 Nc6 26. Rh7+ Kf6 27. Rxb7 Nxd4 28. Rd7 Ke6 29. Rh7 Kf6 30. Rh6+ Ke7 31. Kd3 Nf5 32. Ra6 Rh8 33. Rxa7+ Kd6 34. Kc3 Rc8+ 35. Kd2 Nd4 36. Ra6+ Kc5 37. Bd3 Nc6 38. a3 Rc7 39. Be2 Kd4 40. Ra4+ Kc5 41. f5 Kd6 42. b4 Nd4 43. Ra6+ Ke5 44. Bd3 Nb3+ 45. Ke3 d4+ 46. Ke2 Nc1+ 47. Kd2 Nb3+ 48. Kd1 Rc3 49. Re6+ Kf4 50. Bc2 Na1 51. f6 Rf3 52. f7 Kg3 53. Bg6 d3 54. Re8 Rf1+ 55. Kd2 Nb3+ 56. Kxd3 Rf3+ 57. Kc4 Nd2+ 58. Kb5 1-0

[Event "POL-chT 1st League"]
[Site "Darlowo"]
[Date "2024.09.17"]
[Round "4.17"]
[White "Malik, Maciej"]
[Black "Sanz Wawer, Daniel"]
[Result "1-0"]
[WhiteElo "2121"]
[BlackElo "2328"]
[PlyCount "85"]
[EventDate "2024.09.14"]
[EventType "team-swiss"]
[EventRounds "9"]
[EventCountry "POL"]
[SourceTitle "EXT 2025"]
[Source "ChessBase"]
[SourceDate "2024.10.14"]
[SourceVersion "1"]
[SourceVersionDate "2024.10.14"]
[SourceQuality "1"]

1. e4 e6 2. d4 d5 3. Bd3 Nf6 4. e5 Nfd7 5. Nf3 Be7 6. 0-0 c5 7. c3 Nc6 8. a3 a5 9. Nbd2 0-0 10. Re1 b6 11. Nf1 Ba6 12. Bb1 Re8 13. Ng3 Nf8 14. Nh5 Rc8 15. Be3 cxd4 16. cxd4 b5 17. Qd2 Ng6 18. b3 b4 19. a4 Nb8 20. Ra2 Rc3 21. Rb2 Nd7 22. h3 Qc7 23. Nh2 Nh4 24. Bh6 g6 25. Bg5 Nf5 26. Bxe7 Rxe7 27. Nf6+ Nxf6 28. exf6 Re8 29. Bxf5 Qd8 30. Bb1 Qxf6 31. Ng4 Qe7 32. Qf4 f5 33. Ne3 Qd7 34. Nd1 Rc6 35. Qd2 Rec8 36. Rc2 Qc7 37. Rxc6 Qxc6 38. Bd3 Bb7 39. Qe3 Kf7 40. Bb5 Qd6 41. Nb2 Rc3 42. Nd3 Kf6 43. Qh6 1-0

[Event "Bydgoszcz op"]
[Site "Bydgoszcz"]
[Date "2024.09.03"]
[Round "9"]
[White "Malik, Maciej"]
[Black "Madej, Marek"]
[Result "1/2-1/2"]
[WhiteElo "2106"]
[BlackElo "2233"]
[PlyCount "77"]
[EventDate "2024.08.26"]
[EventType "swiss"]
[EventRounds "9"]
[EventCountry "POL"]
[SourceTitle "EXT 2025"]
[Source "ChessBase"]
[SourceDate "2024.10.14"]
[SourceVersion "1"]
[SourceVersionDate "2024.10.14"]
[SourceQuality "1"]

1. e4 c5 2. Nf3 e6 3. d4 cxd4 4. Qxd4 Nc6 5. Qe3 Nf6 6. Nc3 Bb4 7. a3 Ng4 8. Qf4 Bxc3+ 9. bxc3 Qf6 10. Qd2 0-0 11. Bb2 d5 12. exd5 exd5 13. 0-0-0 Nge5 14. Nxe5 Qxe5 15. Qxd5 Qf6 16. c4 Qxf2 17. Qg5 f6 18. Qd5+ Kh8 19. Bd3 Bg4 20. Rde1 Rad8 21. Qe4 f5 22. Qe3 Qxe3+ 23. Rxe3 f4 24. Re4 Rd7 25. Rf1 Rdf7 26. g3 Kg8 27. Kd2 Bh3 28. Rfxf4 Rxf4 29. Rxf4 Rxf4 30. gxf4 g6 31. Ke3 Kf7 32. Bc3 Be6 33. a4 Bh3 34. c5 a6 35. Be1 Bf5 36. Bc4+ Be6 37. Bd3 Bf5 38. Bc4+ Be6 39. Bd3 1/2-1/2

[Event "Bydgoszcz op"]
[Site "Bydgoszcz"]
[Date "2024.08.31"]
[Round "6"]
[White "Malik, Maciej"]
[Black "Vasynda, Oleksandr"]
[Result "1/2-1/2"]
[WhiteElo "2106"]
[BlackElo "2288"]
[PlyCount "109"]
[EventDate "2024.08.26"]
[EventType "swiss"]
[EventRounds "9"]
[EventCountry "POL"]
[SourceTitle "EXT 2025"]
[Source "ChessBase"]
[SourceDate "2024.10.14"]
[SourceVersion "1"]
[SourceVersionDate "2024.10.14"]
[SourceQuality "1"]

1. e4 c5 2. Nf3 Nc6 3. c3 Nf6 4. e5 Nd5 5. Bc4 Nb6 6. Bb3 c4 7. Bc2 d6 8. exd6 Qxd6 9. 0-0 Bg4 10. Qe2 g6 11. b3 cxb3 12. axb3 Bg7 13. h3 Be6 14. d4 0-0 15. Nbd2 Qc7 16. Ne4 Bd5 17. Ba3 Rfd8 18. Rad1 e5 19. dxe5 Nxe5 20. Nxe5 Qxe5 21. c4 Bc6 22. Ng3 Qa5 23. Bd6 Re8 24. Qd2 Qa2 25. Bb4 Qb2 26. Rfe1 h5 27. Nxh5 Nxc4 28. bxc4 gxh5 29. Be7 Qc3 30. Qxc3 Bxc3 31. Re3 Bg7 32. Bf5 a5 33. Bd7 Bxd7 34. Rxd7 Rec8 35. Rg3 Ra6 36. Rxb7 Rxc4 37. Rb8+ Kh7 38. Rb5 h4 39. Rh5+ Rh6 40. Rgg5 a4 41. Rxg7+ Kxg7 42. Bf8+ Kxf8 43. Rxh6 a3 44. Ra6 Rc1+ 45. Kh2 Ra1 46. g3 hxg3+ 47. fxg3 Ra2+ 48. Kg1 Kg7 49. h4 f5 50. Kh1 Kf7 51. Kg1 Ra1+ 52. Kg2 a2 53. Kh2 Kg7 54. Kg2 Kf7 55. Kh2 1/2-1/2

[Event "Bydgoszcz op"]
[Site "Bydgoszcz"]
[Date "2024.08.28"]
[Round "3"]
[White "Futyma, Dawid"]
[Black "Malik, Maciej"]
[Result "0-1"]
[WhiteElo "2008"]
[BlackElo "2106"]
[PlyCount "108"]
[EventDate "2024.08.26"]
[EventType "swiss"]
[EventRounds "9"]
[EventCountry "POL"]
[SourceTitle "EXT 2025"]
[Source "ChessBase"]
[SourceDate "2024.10.14"]
[SourceVersion "1"]
[SourceVersionDate "2024.10.14"]
[SourceQuality "1"]

1. d4 g6 2. Nf3 Bg7 3. c4 d6 4. Nc3 Nf6 5. Bf4 0-0 6. e3 Nbd7 7. Be2 b6 8. h3 Bb7 9. 0-0 Re8 10. Qc2 e5 11. Bh2 exd4 12. Nxd4 Nc5 13. Bf3 Nce4 14. b4 Qc8 15. Rad1 Nxc3 16. Bxb7 Qxb7 17. Qxc3 a5 18. b5 Ne4 19. Qc2 Nc5 20. Nc6 Qc8 21. Rfe1 f5 22. Qd2 Qe6 23. Rc1 Qf7 24. Red1 Re4 25. Qd5 Rae8 26. Bf4 Bf6 27. f3 Qxd5 28. Rxd5 R4e6 29. g4 fxg4 30. hxg4 Bg7 31. Kg2 Rf8 32. Bg5 h6 33. Bd8 Rf7 34. e4 g5 35. e5 Bxe5 36. Re1 Bg7 37. Rxe6 Nxe6 38. Rf5 Nxd8 39. Nxd8 Re7 40. Kf2 Bd4+ 41. Kf1 Bc3 42. Nc6 Re1+ 43. Kf2 a4 44. a3 Re8 45. Rd5 Be1+ 46. Kf1 Re3 47. Rd1 Bg3 48. Kg2 Bf4 49. Kf2 Rxa3 50. Ne7+ Kf7 51. Nd5 Ra2+ 52. Kf1 Rc2 53. Nxc7 a3 54. Nd5 a2 0-1

[Event "Bydgoszcz op"]
[Site "Bydgoszcz"]
[Date "2024.08.26"]
[Round "1"]
[White "Hnydiuk, Aleksander"]
[Black "Malik, Maciej"]
[Result "1-0"]
[WhiteElo "2350"]
[BlackElo "2106"]
[PlyCount "120"]
[EventDate "2024.08.26"]
[EventType "swiss"]
[EventRounds "9"]
[EventCountry "POL"]
[SourceTitle "EXT 2025"]
[Source "ChessBase"]
[SourceDate "2024.10.14"]
[SourceVersion "1"]
[SourceVersionDate "2024.10.14"]
[SourceQuality "1"]

1. Nf3 g6 2. c4 Bg7 3. d4 d6 4. Nc3 Nf6 5. g3 0-0 6. Bg2 Nc6 7. 0-0 e5 8. dxe5 Nxe5 9. b3 Nxf3+ 10. Bxf3 Bh3 11. Re1 Rb8 12. Be3 a6 13. Qd2 Re8 14. Rad1 Qd7 15. Bd4 Qf5 16. Nd5 Nxd5 17. cxd5 Bxd4 18. Qxd4 Re7 19. Rc1 Rbe8 20. Qf4 Qxf4 21. gxf4 Bf5 22. e3 Kf8 23. Rc4 Be4 24. Bxe4 Rxe4 25. Rxc7 Rxf4 26. Rec1 Rf5 27. Rxb7 Ree5 28. h4 g5 29. h5 Kg7 30. Rb6 Rf6 31. Rd1 Ref5 32. Rd2 g4 33. Rxa6 Rxh5 34. Ra4 Rg6 35. Rdd4 f5 36. Ra7+ Kf6 37. Rd7 Kg5 38. Rf4 Rgh6 39. Rg7+ Kf6 40. Rgxg4 Rh1+ 41. Kg2 Ra1 42. e4 Rh5 43. a4 Rb1 44. Rg3 Ke5 45. Rxf5+ Rxf5 46. exf5 Kxf5 47. Re3 h5 48. a5 Rd1 49. b4 Rb1 50. Ra3 Rxb4 51. a6 Rb8 52. a7 Ra8 53. Kg3 Ke4 54. Ra5 Kd4 55. Kh4 Kc4 56. Kxh5 Kb4 57. Ra1 Kc4 58. f4 Kxd5 59. Kg6 Ke4 60. f5 Kd5 1-0

[Event "Ustron op-A"]
[Site "Ustron"]
[Date "2024.08.17"]
[Round "9"]
[White "Malik, Maciej"]
[Black "Warchol, Kamil"]
[Result "1/2-1/2"]
[WhiteElo "2106"]
[BlackElo "2191"]
[PlyCount "95"]
[EventDate "2024.08.09"]
[EventType "swiss"]
[EventRounds "9"]
[EventCountry "POL"]
[SourceTitle "EXT 2025"]
[Source "ChessBase"]
[SourceDate "2024.10.14"]
[SourceVersion "1"]
[SourceVersionDate "2024.10.14"]
[SourceQuality "1"]

1. Nf3 d5 2. g3 c5 3. Bg2 e6 4. 0-0 Nf6 5. d3 Nc6 6. Nbd2 Be7 7. e4 0-0 8. Re1 b5 9. e5 Nd7 10. Nf1 b4 11. h4 a5 12. N1h2 a4 13. h5 h6 14. Ng4 Re8 15. Bxh6 gxh6 16. Qd2 Nd4 17. Nxd4 cxd4 18. Nxh6+ Kg7 19. Bxd5 Ra5 20. Nxf7 Kxf7 21. Qh6 Nf8 22. Qf4+ Kg8 23. Bc6 Bd7 24. Be4 Bg5 25. Qg4 Kh8 26. Bg2 Bh6 27. Qxd4 Qe7 28. Re2 Rc8 29. Rf1 Bc6 30. Bxc6 Rxc6 31. Qe4 Rc8 32. f4 Qc5+ 33. Rff2 b3 34. axb3 axb3 35. cxb3 Qd5 36. b4 Qxe4 37. dxe4 Rb5 38. g4 Nh7 39. Kg2 Rg8 40. Kf3 Rxb4 41. Re3 Rgb8 42. Rc3 Rxb2 43. Rxb2 Rxb2 44. Rc8+ Kg7 45. Rc7+ Kg8 46. Rc8+ Kg7 47. Rc7+ Kg8 48. Rc8+ 1/2-1/2

[Event "Ustron op-A"]
[Site "Ustron"]
[Date "2024.08.14"]
[Round "6"]
[White "Malik, Maciej"]
[Black "Smietanska, Wiktoria"]
[Result "1/2-1/2"]
[WhiteElo "2106"]
[BlackElo "2143"]
[PlyCount "191"]
[EventDate "2024.08.09"]
[EventType "swiss"]
[EventRounds "9"]
[EventCountry "POL"]
[SourceTitle "EXT 2025"]
[Source "ChessBase"]
[SourceDate "2024.10.14"]
[SourceVersion "1"]
[SourceVersionDate "2024.10.14"]
[SourceQuality "1"]

1. e4 c5 2. Nf3 d6 3. d4 cxd4 4. Qxd4 Nf6 5. Bg5 Nc6 6. Bb5 Nd7 7. Bxc6 bxc6 8. 0-0 Qb6 9. Be3 Qxd4 10. Nxd4 Bb7 11. f3 g6 12. c4 Bg7 13. Nc3 Nb6 14. b3 c5 15. Nde2 a5 16. Rab1 0-0 17. Bc1 Bc6 18. Bb2 a4 19. Nd5 Nxd5 20. exd5 Bd7 21. Bxg7 Kxg7 22. Ng3 axb3 23. axb3 Rfb8 24. Rfe1 Kf8 25. Re3 Rb7 26. Rbe1 Bc8 27. Rc3 Ra2 28. Re2 Ra1+ 29. Kf2 Ra3 30. Rb2 Bd7 31. Ne2 h5 32. Kg3 Bf5 33. Kf4 Ra1 34. Rc1 Ra3 35. Rc3 Ra1 36. g4 hxg4 37. fxg4 Rf1+ 38. Kg3 Bd7 39. Ra2 Kg7 40. h4 Re1 41. Re3 Rb1 42. Ra3 Bc8 43. Rc3 Rb2 44. Nf4 Rb1 45. Ne2 Rb2 46. Re3 Rb1 47. Rc3 Re1 48. Ra2 Bd7 49. Re3 Rb1 50. Ra3 Bc8 51. Kf3 Rf1+ 52. Kg2 Rb1 53. Kg3 Rb2 54. Kf3 Bd7 55. Kf4 e6 56. dxe6 Bxe6 57. Kf3 Rb1 58. Ng3 d5 59. cxd5 Bxd5+ 60. Kf4 Bxb3 61. Ne4 c4 62. Nd6 Rb6 63. Ne8+ Kh7 64. g5 Rf1+ 65. Kg3 Bc2 66. Nf6+ Rbxf6 67. gxf6 Rxf6 68. Ra8 Rc6 69. Ra7 Kg7 70. Ree7 Rf6 71. Rac7 Bd3 72. Re3 Rf5 73. Rf3 Rxf3+ 74. Kxf3 Kf6 75. Kf4 Ke6 76. Rc6+ Kd5 77. Rf6 c3 78. Ke3 c2 79. Kd2 Bf5 80. Rxf7 Ke5 81. Rf8 Kf4 82. Ra8 Kg3 83. Ra4 Kf3 84. Rc4 Be4 85. Rc3+ Kf2 86. Ra3 Bf5 87. Ra5 Be4 88. Rc5 Kf3 89. Rc3+ Kf2 90. Kc1 Bf5 91. Rc5 Be4 92. Re5 Ke3 93. Ra5 Kf4 94. Kd2 Kg4 95. Rc5 Kf3 96. Rc3+ 1/2-1/2

[Event "Ustron op-A"]
[Site "Ustron"]
[Date "2024.08.13"]
[Round "5"]
[White "Velicka, Petr"]
[Black "Malik, Maciej"]
[Result "1-0"]
[WhiteElo "2348"]
[BlackElo "2106"]
[PlyCount "153"]
[EventDate "2024.08.09"]
[EventType "swiss"]
[EventRounds "9"]
[EventCountry "POL"]
[SourceTitle "EXT 2025"]
[Source "ChessBase"]
[SourceDate "2024.10.14"]
[SourceVersion "1"]
[SourceVersionDate "2024.10.14"]
[SourceQuality "1"]

1. Nf3 Nf6 2. c4 g6 3. Nc3 Bg7 4. e4 d6 5. d4 0-0 6. Be2 e5 7. 0-0 Nc6 8. d5 Ne7 9. b4 Ne8 10. c5 h6 11. a4 f5 12. Nd2 Nf6 13. f3 f4 14. Nc4 h5 15. Ba3 Ne8 16. b5 b6 17. cxb6 axb6 18. Bb4 g5 19. a5 bxa5 20. Nxa5 Rb8 21. Nc6 Nxc6 22. dxc6 Rf6 23. Nd5 Rg6 24. b6 g4 25. Re1 Kh7 26. Ra7 g3 27. Bf1 gxh2+ 28. Kh1 Bh3 29. Qe2 Be6 30. bxc7 Nxc7 31. Rxc7 Bxd5 32. Ba5 Bf7 33. Qd2 Qf6 34. Rb7 Rg8 35. c7 Be6 36. Rb8 h4 37. Rxg8 Kxg8 38. Qxd6 Bf8 39. Qd8 h3 40. c8Q hxg2+ 41. Bxg2 Bxc8 42. Qxc8 Qh4 43. Qc4+ Kh7 44. Qe2 Bg7 45. Rd1 Qe7 46. Be1 Qg5 47. Qf2 Rh6 48. Ba5 Qf6 49. Qf1 Qg6 50. Bc7 Qg3 51. Qe1 Qg5 52. Rd6 Rh5 53. Bd8 Qg3 54. Qf1 Kg8 55. Ba5 Kh7 56. Be1 Qg5 57. Bf2 Qe7 58. Bc5 Qh4 59. Rd7 Rh6 60. Bf8 Rg6 61. Rxg7+ Rxg7 62. Bxg7 Kxg7 63. Qd1 Qg3 64. Qd7+ Kf8 65. Qf5+ Kg8 66. Qg4+ Kf7 67. Qxg3 fxg3 68. f4 exf4 69. Bf3 Kf6 70. Kg2 Ke5 71. Kf1 Kd4 72. Ke2 Kc4 73. e5 Kc5 74. Kd3 Kb6 75. Ke4 Kc7 76. Kf5 Kd8 77. Kf6 1-0

[Event "Warsaw Szansa blitz op"]
[Site "Warsaw"]
[Date "2023.09.16"]
[Round "5"]
[White "Malik, Maciej"]
[Black "Eggink, Ryszard"]
[Result "1/2-1/2"]
[WhiteElo "2023"]
[BlackElo "2386"]
[PlyCount "154"]
[EventDate "2023.09.16"]
[EventType "swiss (blitz)"]
[EventRounds "13"]
[EventCountry "POL"]
[SourceTitle "CBM 216 Extra"]
[Source "ChessBase"]
[SourceDate "2023.11.30"]
[SourceVersion "1"]
[SourceVersionDate "2023.11.30"]
[SourceQuality "1"]

1. e4 c5 2. d4 cxd4 3. c3 d3 4. Bxd3 Nc6 5. f4 d5 6. e5 h5 7. Nf3 Bg4 8. h3 Bxf3 9. Qxf3 e6 10. Be3 g6 11. Na3 Bxa3 12. bxa3 Qa5 13. Rb1 Qxc3+ 14. Bd2 Qxa3 15. Rxb7 Nge7 16. 0-0 0-0 17. g4 hxg4 18. hxg4 Rab8 19. Rfb1 Qxa2 20. Be3 Rxb7 21. Rxb7 Qa1+ 22. Rb1 Qc3 23. Rd1 a5 24. Bd2 Qc5+ 25. Be3 Qc3 26. Bd2 Qb2 27. Qh3 Qd4+ 28. Be3 Qc3 29. Be2 d4 30. Rd3 Qa1+ 31. Rd1 Qb2 32. Bd2 Kg7 33. f5 exf5 34. Bh6+ Kg8 35. Bxf8 Qxe2 36. Qh6 Qe3+ 37. Qxe3 dxe3 38. Bxe7 Nxe7 39. gxf5 Nxf5 40. Rd5 a4 41. Ra5 Kf8 42. Rxa4 Ke7 43. Ra6 Nd4 44. Kf1 g5 45. Rd6 Nf5 46. Rf6 Ng3+ 47. Ke1 g4 48. Rf4 Ke6 49. Rxg4 Nf5 50. Re4 Kd5 51. Ra4 Kxe5 52. Ke2 Kd5 53. Kd3 Ke5 54. Ke2 Kf6 55. Kf3 Kg5 56. Rg4+ Kf6 57. Ra4 Ke6 58. Ra6+ Ke5 59. Ra5+ Kf6 60. Ra4 Kg5 61. Rg4+ Kh5 62. Rf4 Kg6 63. Rg4+ Kf6 64. Ra4 Ke6 65. Ra6+ Ke5 66. Ra5+ Kf6 67. Ra4 Kg6 68. Rg4+ Kh5 69. Rf4 Kg5 70. Rg4+ Kh6 71. Rf4 Kg6 72. Rg4+ Kf6 73. Ra4 Ke7 74. Ra7+ Ke6 75. Ra6+ Ke5 76. Ra5+ Kf6 77. Ra4 Ke7 1/2-1/2

[Event "POL-chT 2nd League"]
[Site "Jastrzebia Gora"]
[Date "2023.09.05"]
[Round "4.98"]
[White "Malik, Maciej"]
[Black "Malinowski, Szymon"]
[Result "1-0"]
[WhiteElo "2023"]
[BlackElo "1902"]
[PlyCount "55"]
[EventDate "2023.09.02"]
[EventType "team-swiss"]
[EventRounds "9"]
[EventCountry "POL"]
[SourceTitle "CBM 216 Extra"]
[Source "ChessBase"]
[SourceDate "2023.11.30"]
[SourceVersion "1"]
[SourceVersionDate "2023.11.30"]
[SourceQuality "1"]
[WhiteTeam "Marklowice Hetman"]
[BlackTeam "Gdynia MDK"]
[WhiteTeamCountry "POL"]
[BlackTeamCountry "POL"]

1. e4 c5 2. d4 cxd4 3. c3 dxc3 4. Nxc3 Nc6 5. Nf3 e6 6. Bc4 Bb4 7. 0-0 Nge7 8. Nb5 0-0 9. a3 Ba5 10. Nd6 a6 11. b4 Bc7 12. Bb2 b5 13. Bb3 Rb8 14. Qd2 Bb7 15. Rfd1 Ba8 16. Qc3 f6 17. Ng5 Ne5 18. Qh3 fxg5 19. Bxe5 Bxd6 20. Rxd6 Qe8 21. Rxd7 Rb7 22. Qxe6+ Kh8 23. Qh6 Qg6 24. Qxg6 hxg6 25. Rad1 Kh7 26. Rxb7 Bxb7 27. Rd7 Rc8 28. h3 1-0

[Event "POL-chT 2nd League"]
[Site "Jastrzebia Gora"]
[Date "2023.09.04"]
[Round "3.50"]
[White "Bronowicki, Mateusz"]
[Black "Malik, Maciej"]
[Result "1/2-1/2"]
[WhiteElo "2189"]
[BlackElo "2023"]
[PlyCount "57"]
[EventDate "2023.09.02"]
[EventType "team-swiss"]
[EventRounds "9"]
[EventCountry "POL"]
[SourceTitle "CBM 216 Extra"]
[Source "ChessBase"]
[SourceDate "2023.11.30"]
[SourceVersion "1"]
[SourceVersionDate "2023.11.30"]
[SourceQuality "1"]
[WhiteTeam "Wisznia Mala Bialy Krol"]
[BlackTeam "Marklowice Hetman"]
[WhiteTeamCountry "POL"]
[BlackTeamCountry "POL"]

1. b3 Nf6 2. Bb2 g6 3. Bxf6 exf6 4. c4 Bg7 5. Nc3 f5 6. Rc1 Nc6 7. g3 h5 8. h4 Ne5 9. Bg2 0-0 10. Nh3 a6 11. d4 Ng4 12. Qd2 Rb8 13. 0-0 Bh6 14. Nf4 g5 15. f3 Ne3 16. Qxe3 gxf4 17. Qf2 fxg3 18. Qxg3+ Kh7 19. Nd5 Rg8 20. Qxc7 Be3+ 21. Kh1 Qxc7 22. Nxc7 Bxc1 23. Rxc1 d6 24. Nd5 Kh6 25. Bh3 Be6 26. Nf4 Rbe8 27. b4 Bc8 28. c5 dxc5 29. bxc5 1/2-1/2

[Event "POL-ch Blitz U18"]
[Site "Bydgoszcz"]
[Date "2023.08.31"]
[Round "8"]
[White "Malik, Maciej"]
[Black "Karut, Kacper"]
[Result "1-0"]
[WhiteElo "2033"]
[BlackElo "1917"]
[PlyCount "64"]
[EventDate "2023.08.28"]
[EventType "swiss"]
[EventRounds "10"]
[EventCountry "POL"]
[SourceTitle "CBM 216 Extra"]
[Source "ChessBase"]
[SourceDate "2023.11.30"]
[SourceVersion "1"]
[SourceVersionDate "2023.11.30"]
[SourceQuality "1"]

1. Nf3 Nf6 2. g3 g6 3. Bg2 Bg7 4. 0-0 0-0 5. Nc3 d5 6. d3 c5 7. e4 dxe4 8. Nxe4 Nxe4 9. dxe4 Qxd1 10. Rxd1 Nc6 11. c3 Be6 12. Be3 b6 13. h3 Rad8 14. Ng5 Rxd1+ 15. Rxd1 Bxa2 16. f4 Rd8 17. Ra1 Bc4 18. e5 Na5 19. b4 Nb3 20. Rxa7 h6 21. Ne4 Rd3 22. Kf2 Bd5 23. bxc5 bxc5 24. Rxe7 Bxe4 25. Bxe4 Rxc3 26. Bd5 Rc2+ 27. Kf3 Nd4+ 28. Bxd4 cxd4 29. Bxf7+ Kf8 30. Rd7 g5 31. Bg6 Rc3+ 32. Ke4 Rxg3 1-0

[Event "Malopolska-ch"]
[Site "Krakow"]
[Date "2023.06.08"]
[Round "1"]
[White "Malik, Maciej"]
[Black "Lewicki, Miroslaw"]
[Result "1-0"]
[WhiteElo "2045"]
[BlackElo "2359"]
[PlyCount "115"]
[EventDate "2023.06.08"]
[EventType "swiss"]
[EventRounds "7"]
[EventCountry "POL"]
[SourceTitle "CBM 214 Extra"]
[Source "ChessBase"]
[SourceDate "2023.07.31"]
[SourceVersion "1"]
[SourceVersionDate "2023.07.31"]
[SourceQuality "1"]

1. e4 c5 2. d4 cxd4 3. c3 d5 4. exd5 Qxd5 5. cxd4 Nc6 6. Nf3 e5 7. Nc3 Bb4 8. Bd2 Bxc3 9. Bxc3 e4 10. Ne5 Nh6 11. Bc4 Qd6 12. Qe2 Bf5 13. g4 Nxd4 14. Qd2 Qxe5 15. Bxd4 e3 16. fxe3 Qe4 17. Rg1 Nxg4 18. Bb5+ Kf8 19. Rd1 h5 20. Qb4+ Kg8 21. Qc5 b6 22. Qd6 Rh6 23. Qg3 Rg6 24. Rf1 Qd5 25. Be2 Re8 26. Qf4 Qa5+ 27. Bc3 Nxe3 28. Bxa5 Ng2+ 29. Kd2 Nxf4 30. Rxf4 Rd6+ 31. Kc1 Rxd1+ 32. Bxd1 Bg6 33. Bc3 Re3 34. Rf3 Re7 35. Rh3 Re4 36. Kd2 h4 37. Re3 Rf4 38. Rf3 Rg4 39. Rf2 Rg1 40. Be2 Bb1 41. a3 g5 42. Rf1 Rxf1 43. Bxf1 Kh7 44. Be5 Be4 45. Bb8 Bc6 46. Bxa7 b5 47. Ke3 f5 48. Bd4 f4+ 49. Kf2 g4 50. Be5 f3 51. Bf6 h3 52. Kg3 Kg6 53. Bd4 Bd7 54. Bd3+ Kg5 55. Be3+ Kh5 56. Kf4 Kh4 57. Bf2+ Kh5 58. Bf5 1-0

[Event "POL-ch U18"]
[Site "Jastrzebia Gora"]
[Date "2023.??.??"]
[Round "2"]
[White "Wesolek, Krzysztof"]
[Black "Malik, Maciej"]
[Result "0-1"]
[WhiteElo "1765"]
[BlackElo "2163"]
[PlyCount "121"]
[EventDate "2023.03.11"]
[EventType "swiss"]
[EventRounds "9"]
[EventCountry "POL"]
[SourceTitle "CBM 213 Extra"]
[Source "ChessBase"]
[SourceDate "2023.05.31"]
[SourceVersion "1"]
[SourceVersionDate "2023.05.31"]
[SourceQuality "1"]

1. e4 c5 2. Nf3 e6 3. d4 cxd4 4. c3 d3 5. Bxd3 Nc6 6. Be3 Nf6 7. h3 Qc7 8. Nbd2 Be7 9. Qe2 d6 10. 0-0 0-0 11. Rad1 a6 12. Bb1 d5 13. exd5 Nxd5 14. Qd3 f5 15. Rfe1 b5 16. Nb3 Nd8 17. Nbd4 Nxe3 18. Rxe3 Bc5 19. Rde1 Bd6 20. Ne5 Bb7 21. Ndf3 Bd5 22. Rd1 Nb7 23. g4 Nc5 24. Qd2 Ne4 25. Qd4 Bc5 26. Qd3 Bxe3 27. Qxe3 Rad8 28. gxf5 exf5 29. Qf4 Bb7 30. Rxd8 Qxd8 31. Bc2 Bd5 32. a3 Qf6 33. Nd7 Qg6+ 34. Kh2 Rd8 35. Nde5 Qf6 36. Nd4 g6 37. Bxe4 Bxe4 38. f3 Bd5 39. Ng4 Qd6 40. Qxd6 Rxd6 41. Ne5 Kg7 42. Kg3 Kf6 43. Nd3 Bb7 44. Nc5 Bc8 45. f4 Rd5 46. Nd3 Rd8 47. Nc5 Re8 48. Kf3 Re1 49. a4 bxa4 50. Nxa4 Bb7+ 51. Kf2 Ra1 52. b3 Ke7 53. Nc5 Bc8 54. c4 Kd6 55. Nd3 Rh1 56. Ne5 Rh2+ 57. Kg3 Rh1 58. b4 Rb1 59. b5 a5 60. Nd3 Rd1 61. c5+ 0-1